000 00663nam a2200229Ia 4500
003 OSt
005 20220923230721.0
006 a|||||r|||| 00| 0
007 ta
008 Pun
020 _c6.5
024 _a305,042
037 _cTextual
040 _aARTS
_cARTS
_bPun
041 _2Pun
_aPun
082 _aQ8441:332wK21, 153L6
100 _aਸਿੰਘ, ਰਾਏ ਜਰਬੀਰ
_9160371
245 0 _aਜੀਵਨ ਅਤੇ ਬਾਣੀ ਸੰਚਾਰ
_b ਗੁਰੂ ਤੇਗ ਬਹਾਦਰ
260 _c1976
942 _hQ8441:332wK21, 153L6
_cTEXL
_2CC
999 _c386845
_d386845